000 01725nam a2200445 a 4500
001 21774
003 VRT
005 20260309143158.0
008 240314s2003 xo a b 000 f slo
015 _aSNBA2005/05-01654
020 _a8088980453
_q(viaz.)
035 _a03586E33-6D63-4793-B185-1FB53C40A96A
035 _aurn:nbn:sk:snk-amlsd2
035 _aurn:nbn:sk:snk-am00cbp2
039 9 _a202407010924
_bAUTHORITY
_c202407010920
_dAUTHORITY
_c202403141407
_dVLOAD
_c201712011356
_dVLOAD
040 _aSNK
_bslo
_cSNK
041 1 _aslo
_hger
_hDT (UNESCO)
044 _axo
_cSK
072 7 _a821.112.2-3
_xNemecká próza, nemecky písaná
_2konspekt
072 7 _a821-93
_xLiteratúra pre deti a mládež
_2konspekt
080 _a821-93
_2MDT-MRF
080 _a821.112.2-34
_2MDT-MRF
080 _a821
_2UNESCO
100 1 _aGrimm, Jacob,
_d1785-1863
_4aut
240 1 4 _aDie schönsten Grimms Märchen
_lSlovensky
245 1 0 _aNajkrajšie rozprávky bratov Grimmovcov
_c[ilustrácie: Gisela Gottschlichová; nové spracovanie textov rozprávok: Gisela Fischerová; preklad Jana Rakšányiová]
250 _a1. slov. vyd.
260 _aBratislava
_bFortuna Print
_cc 2003
300 _a116 s.
_bfareb. ilustr.
_c28 cm
500 _aFareb. ilustr. na tit. strane, front. a predsádkach
655 7 _anemecké rozprávky
_2SNKPH
655 7 _apublikácie pre deti
_2SNKPH
700 1 _aGrimm, Wilhelm,
_d1786-1859
_4aut
700 1 _aFischer, Gisela
_4aut
700 1 _aGottschlich, Gisela
_4ill
700 1 _aRakšányiová, Jana,
_d1949-
_4trl
942 _2ddc
_cKLDE
_n0
949 _617A0503519
_asnkSB 69953 D1
_bsnk2006/6338
_o726/06
949 _617A0458118
_asnkSB 69953
_bsnk2005/2382
_o373/05
_s6100:20160606
999 _c21774
_d21774